| 000 | 00742nam a2200217 a 4500 | ||
|---|---|---|---|
| 001 | 000016125 | ||
| 003 | DO-SdBNP | ||
| 005 | 20250502073819.0 | ||
| 007 | ta | ||
| 008 | 100226s1984 dr 001 0 spa d | ||
| 040 |
_aDO-SdBNP _bspa _cBNPHU |
||
| 082 |
_axxxx _bA485c _222 |
||
| 100 | 1 |
_aAmaro Guzmán, Raymundo _9656 |
|
| 245 | 1 | 3 |
_aLa carrera administrativa colombiana y la concepción jurídico-política del proyecto de ley de servicios civil dominicano / _cRaymundo Amaro Guzmán. |
| 260 |
_aSanto Domingo : _bONAP, _c1984. |
||
| 300 |
_a60 p. ; _c22 cm. |
||
| 490 | 1 |
_aSeminarios _v7 |
|
| 710 | 1 |
_aRepública Dominicana. _bOficina Nacional de Administración y Personal _926398 |
|
| 830 | 0 |
_aSeminarios _n7 _936119 |
|
| 942 |
_2ddc _cLBS1 |
||
| 999 |
_c15665 _d15665 |
||